Nguyên lý các hệ cơ sở dữ liệu và cơ sở tri thức T.3 : Các hệ cơ sở tri thức /

Bàn thêm về logic. Tổ hợp ước lượng logic từ trên xuống và từ dưới lên. Tối ưu hoá các câu vấn tin hội. Tối ưu hoá các đệ qui tuyến tính. Một số hệ cơ sở tri thức thử nghiệm. Quan hệ phổ quát: 1 giao diện người sử dụng.

Đã lưu trong:
Bibliografiske detaljer
Hovedforfatter: Ullman, Jeffrey D.
Andre forfattere: Trần Đức Quang (dịch.)
Format: Bog
Sprog:Vietnamese
Udgivet: Tp.HCM : Thống kê, 2000.
Fag:
Tags: Tilføj Tag
Ingen Tags, Vær først til at tagge denne postø!
Thư viện lưu trữ: Mạng thư viện Đại học Đà Nẵng
LEADER 01414cam a2200385 i 4500
001 000046961
003 6479
005 20041103111414.0
008 010306b2000 vm 000 vie
020 |c 45000 
022 |a T 
040 |a IRC  |c IRC  |d IRC 
041 1 |a vie 
082 1 4 |a 005.7  |b UL-J 
100 1 |a Ullman, Jeffrey D. 
245 1 0 |a Nguyên lý các hệ cơ sở dữ liệu và cơ sở tri thức  |n T.3 :  |p Các hệ cơ sở tri thức /  |c Jeffrey D. Ullman ; Trần Đức Quang dịch ; Hồ Thuần hiệu đính. 
260 |a Tp.HCM :  |b Thống kê,  |c 2000. 
300 |a 806-1199 tr. ;  |c 23 cm. 
520 3 |a Bàn thêm về logic. Tổ hợp ước lượng logic từ trên xuống và từ dưới lên. Tối ưu hoá các câu vấn tin hội. Tối ưu hoá các đệ qui tuyến tính. Một số hệ cơ sở tri thức thử nghiệm. Quan hệ phổ quát: 1 giao diện người sử dụng. 
630 0 4 |a Tin học. 
630 0 4 |a Cơ sở tri thức. 
630 0 4 |a Cơ sở dữ liệu. 
650 0 4 |a Cơ sở dữ liệu  |x Nguyên lý. 
650 0 4 |a Cơ sở tri thức  |x Nguyên lý. 
700 1 |a Trần Đức Quang,  |e dịch. 
OWN |a DUT 
999 |a From the UDN01 
TYP |a Monograph 
TYP |a Printed language 
980 |a Mạng thư viện Đại học Đà Nẵng